Statistics for Linebacker prospects of the 2024 NFL Draft

Click here to take the quiz!

General Stats

  • This quiz has been taken 10 times
    (6 since last reset)
  • The average score is 28 of 38

Answer Stats

PositionCollegeName% Correct
LBNorth CarolinaCedric Gray
100%
LBTexas A&MEdgerrin Cooper
100%
LBClemsonJeremiah Trotter Jr.
100%
LBMichiganJunior Colson
100%
LBNotre DameMarist Liufau
100%
LBNC St.Payton Wilson
100%
LBOhio St.Tommy Eichenberg
100%
LBPenn St.Curtis Jacobs
83%
LBTexasJaylan Ford
83%
LBKentuckyTrevin Wallace
83%
LBMissouriTy'Ron Hopper
83%
LBIndianaAaron Casey
67%
LBUCLACarl Jones
67%
LBToledoDallas Gant
67%
LBUCLADarius Muasau
67%
LBPittsburgh St. (KS)Dubem Okonkwo
67%
LBWyomingEaston Gibbs
67%
LBWashingtonEdefuan Ulofoshio
67%
LBUConnJackson Mitchell
67%
LBCaliforniaJackson Sirmon
67%
LBOregonJamal Hill
67%
LBUCFJason Johnson
67%
LBNotre DameJD Bertrand
67%
LBBuffaloJoe Andreessen
67%
LBGeorgia St.Jontrey Hunter
67%
LBTempleJordan Magee
67%
LBFlorida St.Kalen DeLoach
67%
LBFresno St.Levelle Bailey
67%
LBNebraskaLuke Reimer
67%
LBMichiganMichael Barrett
67%
LBWisconsinNaema Njongmeta
67%
LBMississippi St.Nathaniel Watson
67%
LBLSUOmar Speights
67%
LBOhio St.Steele Chambers
67%
LBFlorida St.Tatum Bethune
67%
LBUTEPTyrice Knight
67%
LBWeber St.Winston Reid
67%
LBCoastal CarolinaClayton Isbell
50%

Score Distribution

Percentile by Number Answered

Percent of People with Each Score

Your Score History

You have not taken this quiz since the last reset